[Event "Voronezh op-B 14th"]
[Site "Voronezh"]
[Date "2010.06.13"]
[Round "2"]
[White "Magrifin, Iljanur"]
[Black "Dulenko, Maxim"]
[Result "0-1"]
[WhiteElo "2168"]
[BlackElo "2042"]
[PlyCount "46"]
[EventDate "2010.06.12"]
[EventType "swiss"]
[EventRounds "9"]
[EventCountry "RUS"]
[SourceTitle "CBM 137 Extra"]
[Source "ChessBase"]
[SourceDate "2010.09.01"]
[SourceVersion "1"]
[SourceVersionDate "2010.09.01"]
[SourceQuality "1"]

1. Nf3 Nc6 2. d4 d5 3. e3 Bg4 4. Nbd2 e5 5. dxe5 Nxe5 6. Be2 Nxf3+ 7. Nxf3 Nf6 8. h3 Bxf3 9. Bxf3 c6 10. 0-0 Bd6 11. c4 dxc4 12. Qa4 0-0 13. Qxc4 Qb6 14. Bd2 Qxb2 15. Bc3 Qc2 16. e4 Bf4 17. e5 Bxe5 18. Rac1 Qf5 19. Rfe1 Bxc3 20. Qxc3 Rfe8 21. Qa3 a6 22. Re7 Rxe7 23. Qxe7 Qd7 0-1

[Event "Voronezh op-B 13th"]
[Site "Voronezh"]
[Date "2009.06.20"]
[Round "9"]
[White "Akhmetov, Ayan"]
[Black "Dulenko, Maxim"]
[Result "1-0"]
[WhiteElo "1956"]
[BlackElo "2112"]
[PlyCount "73"]
[EventDate "2009.06.12"]
[EventType "swiss"]
[EventRounds "9"]
[EventCountry "RUS"]
[SourceTitle "CBM 130 Extra"]
[Source "ChessBase"]
[SourceDate "2009.07.02"]
[SourceVersion "2"]
[SourceVersionDate "2009.07.15"]
[SourceQuality "1"]

1. e4 d5 2. exd5 Qxd5 3. d4 Nf6 4. Nf3 Bg4 5. Be2 e6 6. 0-0 Nc6 7. Bf4 Qd7 8. c3 Bd6 9. Ne5 Bxe5 10. Bxe5 Nxe5 11. dxe5 Qxd1 12. Bxd1 Bxd1 13. Rxd1 Ng4 14. f4 Ne3 15. Rd2 Nc4 16. Rd4 Nxb2 17. Na3 c5 18. Rd6 Na4 19. Nb5 0-0 20. Rd7 a6 21. Nd6 Nxc3 22. Nxb7 c4 23. Kf2 Nd5 24. g3 c3 25. Rc1 Rac8 26. Nd6 Rc5 27. Rb7 Ra5 28. Rc2 Ra4 29. Kf3 h5 30. h4 f6 31. exf6 gxf6 32. Ne4 Rc8 33. f5 exf5 34. Nd6 Rd8 35. Nxf5 Re8 36. Rd7 Re5 37. Rxd5 1-0

[Event "Voronezh op-B 13th"]
[Site "Voronezh"]
[Date "2009.06.18"]
[Round "7"]
[White "Polyansky, Viktor"]
[Black "Dulenko, Maxim"]
[Result "1-0"]
[WhiteElo "2027"]
[BlackElo "2112"]
[PlyCount "107"]
[EventDate "2009.06.12"]
[EventType "swiss"]
[EventRounds "9"]
[EventCountry "RUS"]
[SourceTitle "CBM 130 Extra"]
[Source "ChessBase"]
[SourceDate "2009.07.02"]
[SourceVersion "2"]
[SourceVersionDate "2009.07.15"]
[SourceQuality "1"]

1. e4 c5 2. d3 d6 3. g3 g6 4. Bg2 Bg7 5. c3 Nc6 6. h3 e6 7. Ne2 Nge7 8. 0-0 0-0 9. d4 cxd4 10. cxd4 Qb6 11. d5 exd5 12. exd5 Ne5 13. Nbc3 Nf5 14. b3 Qa6 15. Be4 h5 16. f4 Nd7 17. Bxf5 gxf5 18. Be3 Qa5 19. Rc1 a6 20. Nd4 Nf6 21. Nf3 Ne4 22. Nxe4 fxe4 23. Ng5 f6 24. Ne6 Bxe6 25. dxe6 Qf5 26. e7 Rfe8 27. g4 hxg4 28. hxg4 Qe6 29. Rc7 Rxe7 30. f5 Qf7 31. Rxe7 Qxe7 32. Qd5+ Qf7 33. Qxd6 Re8 34. Rc1 Qe7 35. Qd5+ Qf7 36. Qc4 Qxc4 37. bxc4 Bf8 38. c5 Rc8 39. Kg2 Kf7 40. Kg3 Rc7 41. a4 Rc8 42. a5 Rc7 43. Rc4 Rc8 44. Kf2 Be7 45. Ke2 Bd8 46. Rb4 Bxa5 47. Rxb7+ Rc7 48. c6 Ke8 49. Bd2 Rxb7 50. cxb7 Bc7 51. Ke3 Kd7 52. Kxe4 Kc6 53. Bb4 Kxb7 54. g5 1-0

[Event "Voronezh op-B 13th"]
[Site "Voronezh"]
[Date "2009.06.17"]
[Round "6"]
[White "Dulenko, Maxim"]
[Black "Deriabina, Svetlana"]
[Result "0-1"]
[WhiteElo "2112"]
[BlackElo "2071"]
[PlyCount "158"]
[EventDate "2009.06.12"]
[EventType "swiss"]
[EventRounds "9"]
[EventCountry "RUS"]
[SourceTitle "CBM 130 Extra"]
[Source "ChessBase"]
[SourceDate "2009.07.02"]
[SourceVersion "2"]
[SourceVersionDate "2009.07.15"]
[SourceQuality "1"]

1. e4 e5 2. Nf3 Nc6 3. Nc3 Nf6 4. g3 Bb4 5. d3 d5 6. exd5 Nxd5 7. Bd2 Bg4 8. h3 Be6 9. Bg2 Bxc3 10. bxc3 h6 11. Qe2 Qd6 12. 0-0 0-0 13. c4 Nb6 14. Bc3 Nd7 15. Bb2 Rae8 16. a4 Nd4 17. Bxd4 exd4 18. Qe4 Bxh3 19. Qxd4 Qxd4 20. Nxd4 Bxg2 21. Kxg2 c5 22. Nf5 Re2 23. Rac1 Rfe8 24. Nd6 R8e6 25. Ne4 Nf6 26. Nxc5 Re7 27. Kf3 h5 28. Rg1 R2e5 29. d4 Rf5+ 30. Kg2 Re2 31. Nd3 Ng4 32. Rge1 Rd2 33. d5 Nxf2 34. Nxf2 Rfxf2+ 35. Kh1 g5 36. Rcd1 Rh2+ 37. Kg1 Rdg2+ 38. Kf1 Rxc2 39. Kg1 h4 40. gxh4 gxh4 41. Re3 Kf8 42. d6 Rhg2+ 43. Kf1 Rh2 44. Kg1 Rhd2 45. Rd3 Rxd1+ 46. Rxd1 Ke8 47. Rd4 h3 48. a5 Kd7 49. Kh1 a6 50. Kg1 Ra2 51. Rd5 h2+ 52. Kh1 Rc2 53. c5 Ra2 54. Rh5 Rd2 55. Rxh2 Rd5 56. Rb2 Rxc5 57. Rxb7+ Kxd6 58. Rb6+ Rc6 59. Rb7 f5 60. Kg2 Ke5 61. Ra7 Kf4 62. Kf2 Rd6 63. Ra8 Rc6 64. Ra7 Rc2+ 65. Ke1 Ke3 66. Kf1 Kf3 67. Kg1 Rc6 68. Kh2 Kf2 69. Rh7 Rc5 70. Rh6 Rxa5 71. Rf6 Kf3 72. Kg1 f4 73. Rb6 Ra1+ 74. Kh2 Ra2+ 75. Kg1 a5 76. Rb3+ Kg4 77. Rc3 a4 78. Rd3 Re2 79. Rd4 a3 0-1

[Event "RUS-chB U14"]
[Site "Dagomys"]
[Date "2009.04.18"]
[Round "4"]
[White "Samdanov, Samdan"]
[Black "Dulenko, Maxim"]
[Result "1-0"]
[WhiteElo "1802"]
[BlackElo "2112"]
[PlyCount "53"]
[EventDate "2009.04.15"]
[EventType "swiss"]
[EventRounds "9"]
[EventCountry "RUS"]
[SourceTitle "EXT 2010"]
[Source "ChessBase"]
[SourceDate "2010.11.25"]
[SourceVersion "1"]
[SourceVersionDate "2010.11.25"]
[SourceQuality "1"]

1. d4 g6 2. Nf3 Bg7 3. c4 Nh6 4. Nc3 f6 5. h4 d6 6. Bxh6 Bxh6 7. h5 e5 8. e3 Nc6 9. Qc2 f5 10. 0-0-0 Qf6 11. Kb1 Qf7 12. hxg6 hxg6 13. d5 e4 14. dxc6 exf3 15. Qa4 b6 16. Nb5 Bg7 17. Rxh8+ Bxh8 18. Rxd6 Qg7 19. Rd2 a6 20. gxf3 Be6 21. Nc3 Qe7 22. Nd5 Qh7 23. Qb4 Bxd5 24. cxd5 Be5 25. a3 Qh1 26. Qc4 Bd6 27. Qd4 1-0

[Event "Voronezh op-B"]
[Site "Voronezh"]
[Date "2008.06.20"]
[Round "9"]
[White "Pasiev, Rakhim"]
[Black "Dulenko, Maxim"]
[Result "1-0"]
[WhiteElo "2159"]
[BlackElo "2101"]
[PlyCount "95"]
[EventDate "2008.06.12"]
[EventType "swiss"]
[EventRounds "9"]
[EventCountry "RUS"]
[SourceTitle "CBM 125 Extra"]
[Source "ChessBase"]
[SourceDate "2008.09.01"]
[SourceVersion "1"]
[SourceVersionDate "2008.09.01"]
[SourceQuality "1"]

1. e4 c5 2. Nf3 d6 3. d4 cxd4 4. c3 Nf6 5. Bd3 Bg4 6. cxd4 Nc6 7. d5 Ne5 8. Bb5+ Ned7 9. Nc3 g6 10. 0-0 Bg7 11. h3 Bxf3 12. Qxf3 0-0 13. Qe2 a6 14. Bd3 b5 15. a3 Nc5 16. Bc2 Nfd7 17. Be3 Rc8 18. Qd2 Nb6 19. b3 Nxb3 20. Bxb3 Rxc3 21. Rab1 Qc7 22. Rfc1 Rc8 23. Rxc3 Bxc3 24. Qc2 Ba5 25. Qe2 Bc3 26. Rc1 Qb7 27. Qd3 Ba5 28. Rxc8+ Qxc8 29. Qd4 Nd7 30. Qa7 Bc7 31. Bd1 Nf6 32. f3 Nd7 33. f4 Bb8 34. Qd4 Bc7 35. Qa7 h5 36. Bf3 a5 37. Kh2 b4 38. axb4 axb4 39. Qa4 Bb6 40. Bxb6 Nxb6 41. Qxb4 Nd7 42. Qb5 Nf8 43. Qc6 Qb8 44. Qc3 f6 45. f5 Qe8 46. fxg6 Qxg6 47. Qe1 Qg5 48. h4 1-0

[Event "Voronezh op-B"]
[Site "Voronezh"]
[Date "2008.06.16"]
[Round "5"]
[White "Ajrapetian, Nikita"]
[Black "Dulenko, Maxim"]
[Result "1-0"]
[WhiteElo "2079"]
[BlackElo "2101"]
[PlyCount "46"]
[EventDate "2008.06.12"]
[EventType "swiss"]
[EventRounds "9"]
[EventCountry "RUS"]
[SourceTitle "CBM 125 Extra"]
[Source "ChessBase"]
[SourceDate "2008.09.01"]
[SourceVersion "1"]
[SourceVersionDate "2008.09.01"]
[SourceQuality "1"]

1. c4 Nf6 2. Nc3 d6 3. d4 c6 4. e4 e5 5. d5 Be7 6. Bd3 0-0 7. Nge2 Nbd7 8. 0-0 a6 9. h3 Re8 10. Ng3 Nf8 11. Be3 Ng6 12. Qd2 h6 13. b4 Nd7 14. Rad1 Qc7 15. Nf5 c5 16. b5 Bf6 17. a4 a5 18. b6 Qxb6 19. Nb5 Be7 20. Rb1 Qd8 21. Nbxd6 Bxd6 22. Nxd6 Re7 23. Nxb7 Qe8 1-0